Normal view MARC view

Entry Personal Name

Number of records used in: 2

001 - CONTROL NUMBER

  • control field: 72235

003 - CONTROL NUMBER IDENTIFIER

  • control field: dpl

005 - DATE AND TIME OF LATEST TRANSACTION

  • control field: 20241001113913.0

008 - FIXED-LENGTH DATA ELEMENTS

  • fixed length control field: 241001|| aca||aabn | a|a d

040 ## - CATALOGING SOURCE

  • Original cataloging agency: dpl
  • Transcribing agency: dpl

100 ## - HEADING--PERSONAL NAME

  • Personal name: Saxena, Manisha

670 ## - SOURCE DATA FOUND

  • Source citation: Work cat.: (dpl)206030: Saxena, Manisha, Blue Jeans/, 2022

© Delhi Public Library
Hit Counter
free hit counter